Agents and data mining interaction : (Record no. 26740)
[ view plain ]
| 000 -LEADER | |
|---|---|
| fixed length control field | 01161cam a22002775a 4500 |
| 001 - CONTROL NUMBER | |
| control field | 17566860 |
| 005 - DATE AND TIME OF LATEST TRANSACTION | |
| control field | 20180517105701.0 |
| 008 - FIXED-LENGTH DATA ELEMENTS--GENERAL INFORMATION | |
| fixed length control field | 121218t2013 gw a frb 101 0 eng d |
| 020 ## - INTERNATIONAL STANDARD BOOK NUMBER | |
| International Standard Book Number | 9783642362873 |
| 040 ## - CATALOGING SOURCE | |
| Original cataloging agency | HUA |
| Language of cataloging | eng |
| Transcribing agency | HUA |
| Modifying agency | OCLCO |
| -- | BTCTA |
| -- | OCLCA |
| -- | OCLCF |
| -- | OCLCO |
| -- | OCL |
| -- | OCLCO |
| -- | OCLCQ |
| -- | CDX |
| -- | YDXCP |
| -- | BWX |
| -- | DLC |
| -- | EG-ScBUE |
| 082 04 - DEWEY DECIMAL CLASSIFICATION NUMBER | |
| Edition number | 22 |
| Classification number | 006.312 |
| Item number | AGE |
| 111 2# - MAIN ENTRY--MEETING NAME | |
| Meeting name or jurisdiction name as entry element | ADMI 2012 |
| Date of meeting | (2012 : |
| Location of meeting | Valencia, Spain) |
| 245 10 - TITLE STATEMENT | |
| Title | Agents and data mining interaction : |
| Remainder of title | 8th International Workshop, ADMI 2012, Valencia, Spain, June 4-5, 2012 : revised selected papers / |
| Statement of responsibility, etc | editor Longbing Cao ... [et al.] |
| 246 30 - VARYING FORM OF TITLE | |
| Title proper/short title | ADMI 2012 |
| 260 ## - PUBLICATION, DISTRIBUTION, ETC. (IMPRINT) | |
| Place of publication, distribution, etc | Berlin ; |
| -- | New York : |
| Name of publisher, distributor, etc | Springer, |
| Date of publication, distribution, etc | c.2013. |
| 300 ## - PHYSICAL DESCRIPTION | |
| Extent | xii, 215 p. : |
| Other physical details | ill. ; |
| Dimensions | 24 cm. |
| 490 0# - Series Statement | |
| Series statement | Lecture notes in artificial intelligence, |
| International Standard Serial Number | 0302-9743 ; |
| Volume/sequential designation | 7607 |
| 490 0# - Series Statement | |
| Series statement | LNCS sublibrary. SL 7, Artificial intelligence. |
| 504 ## - BIBLIOGRAPHY, ETC. NOTE | |
| Bibliography, etc | Includes bibliographical references and index. |
| 650 #7 - SUBJECT ADDED ENTRY--TOPICAL TERM | |
| Topical term or geographic name as entry element | Data mining |
| Form subdivision | Congresses. |
| Source of heading or term | BUEsh |
| 9 (RLIN) | 41074 |
| 650 #7 - SUBJECT ADDED ENTRY--TOPICAL TERM | |
| Topical term or geographic name as entry element | Intelligent agents (Computer software) |
| Form subdivision | Congresses. |
| Source of heading or term | BUEsh |
| 651 ## - SUBJECT ADDED ENTRY--GEOGRAPHIC NAME | |
| Source of heading or term | BUEsh |
| 653 ## - INDEX TERM--UNCONTROLLED | |
| Resource For college | Informatics and Computer Science |
| Arrived date list | May2018 |
| 700 1# - ADDED ENTRY--PERSONAL NAME | |
| Personal name | Cao, Longbing, |
| Dates associated with a name | 1969- |
| Relator term | editor. |
| 942 ## - ADDED ENTRY ELEMENTS (KOHA) | |
| Source of classification or shelving scheme | Dewey Decimal Classification |
| Withdrawn status | Item status | Source of classification or shelving scheme | Damaged status | Not for loan | Vendor | Home library | Current library | Shelving location | Date acquired | Source of acquisition | Cost, normal purchase price | Serial Enumeration / chronology | Total Checkouts | Full call number | Barcode | Date last seen | Cost, replacement price | Koha item type |
|---|---|---|---|---|---|---|---|---|---|---|---|---|---|---|---|---|---|---|
| Dewey Decimal Classification | Baccah | Central Library | Central Library | Lower Floor | 17/05/2018 | Purchase | 460.00 | 2000088 | 006.312 AGE | 000047788 | 15/07/2025 | 575.00 | Book - Borrowing |